Manual of aerial survey: primary data acquisition (Record no. 100859)

MARC details
000 -LEADER
fixed length control field 00889cam a2200253 4500
008 - FIXED-LENGTH DATA ELEMENTS--GENERAL INFORMATION
fixed length control field 000000n2002 000 0 eng u
020 ## - INTERNATIONAL STANDARD BOOK NUMBER
International Standard Book Number 1870325621
035 ## - SYSTEM CONTROL NUMBER
System control number (Sirsi) u108834
041 ## - LANGUAGE CODE
Language code of text/sound track or separate title eng
050 ## - LIBRARY OF CONGRESS CALL NUMBER
Classification number 526.982
100 ## - MAIN ENTRY--PERSONAL NAME
Personal name Read, R.
245 ## - TITLE STATEMENT
Title Manual of aerial survey: primary data acquisition
260 ## - PUBLICATION, DISTRIBUTION, ETC.
Place of publication, distribution, etc. Latheronwheel
Name of publisher, distributor, etc. Whittles Publishing
Date of publication, distribution, etc. 2002
300 ## - PHYSICAL DESCRIPTION
Extent viii,408p.
Other physical details ill.
Dimensions 25cm.
350 ## - PRICE (NR) (BK AM CF MU VM SE) [OBSOLETE]
Price 65
520 ## - SUMMARY, ETC.
Summary, etc. A practical text covering all the basics of aerial photography, particularly the survey aspects of the subject. Looks at differential GPS systems, survey flight management systems, modern film survey cameras and digital cameras, and laser profilers.
650 ## - SUBJECT ADDED ENTRY--TOPICAL TERM
Topical term or geographic name entry element AERIAL PHOTOGRAPHY
650 ## - SUBJECT ADDED ENTRY--TOPICAL TERM
Topical term or geographic name entry element AERIAL PHOTOGRAMMETRY
650 ## - SUBJECT ADDED ENTRY--TOPICAL TERM
Topical term or geographic name entry element MAPPING
650 ## - SUBJECT ADDED ENTRY--TOPICAL TERM
Topical term or geographic name entry element AERIAL SURVEY
690 ## - LOCAL SUBJECT ADDED ENTRY--TOPICAL TERM (OCLC, RLIN)
Topical term or geographic name as entry element GEOMATICS-GPS
700 ## - ADDED ENTRY--PERSONAL NAME
Personal name Graham, .R.
942 ## - ADDED ENTRY ELEMENTS (KOHA)
Suppress in OPAC 0
Holdings
Withdrawn status Lost status Source of classification or shelving scheme Damaged status Not for loan Home library Current library Shelving location Date acquired Cost, normal purchase price Total Checkouts Full call number Barcode Date last seen Date last checked out Copy number Cost, replacement price Price effective from Koha item type
    Dewey Decimal Classification     London London Books 16/10/2002 55.25 1 526.982 REA 30066614 06/08/2019 01/02/2006 1 55.25 06/08/2019 Book